• 首页
  • 本馆介绍
  • 公告通知
  • 最新文献
  • 馆藏检索
  • 电子资源
  • 读者导购
  • 参考咨询
  • 我的图书馆
  • 登录
  • 详细信息显示
  • 放入我的书架
  • 预约/预借图书
  • 作者相关作品
  • 分类相关作品
  • 丛书相关作品
  • 出版社相关作品

书目信息

  • 表格格式
  • 工作单格式
  • 卡片格式
题名:
心理咨询实战八讲
    
 
作者: 寇觉中 著
分册:  
出版信息: 西安   陕西师范大学出版总社  2017
页数: 10,135页
开本: 23cm
丛书名:
单 册:
中图分类: B849.1
科图分类:
主题词: 心理咨询
电子资源:
ISBN: 978-7-5613-8673-6
000 00910nam0 2200229 450
001 176
005 20180519112427.02
010    @a978-7-5613-8673-6@dCNY24.00
100    @a20170619d2017 em y0chiy50 ea
101 0  @achi
102    @aCN@b610000
105    @aa z 000yy
200 1  @a心理咨询实战八讲@9xin li zi xun shi zhan ba jiang@dPsychological counseling@zeng@f寇觉中著
210    @a西安@c陕西师范大学出版总社@d2017
215    @a10,135页@c图,彩照@d23cm
330    @a本书系统介绍心理咨询工作流程、性质、目的、意义及咨询中核心问题理解,处理策略的应用性读书。作者根据自己二十年工作实践经验,结合传统心理咨询理论方法,并在大量经验中总结出了心理咨询工作的新思路、新方法。既有一定的延承,更有创新和独到见解。
510 1  @aPsychological counseling@zeng
606 0  @a心理咨询
690    @aB849.1@v5
701  0 @a寇觉中@9kou jue zhong@4著
801  0 @aCN@b91MARC@c20170619
905    @aMuseLib@dB849.1@e2120
    
    心理咨询实战八讲=Psychological counseling/寇觉中著.-西安:陕西师范大学出版总社,2017
    10,135页:图,彩照;23cm
    
    
    ISBN 978-7-5613-8673-6:CNY24.00
    本书系统介绍心理咨询工作流程、性质、目的、意义及咨询中核心问题理解,处理策略的应用性读书。作者根据自己二十年工作实践经验,结合传统心理咨询理论方法,并在大量经验中总结出了心理咨询工作的新思路、新方法。既有一定的延承,更有创新和独到见解。
●
相关链接 在E读中查询图书 在五车中查询图书 在当当中查询图书 在豆瓣中查询图书


正题名:心理咨询实战八讲     索取号:B849.1/2120         预约/预借

序号 登录号 条形码 馆藏地/架位号 状态 备注
1 1100988   211009889   第一样本阅览室/ [索取号:B849.1/2120] 在馆    
2 1100989   211009898   教育系资料室/ [索取号:B849.1/2120] 在馆    
3 1100990   211009905   教育系资料室/ [索取号:B849.1/2120] 在馆    
4 1100991   211009914   教育系资料室/ [索取号:B849.1/2120] 在馆    
5 1100992   211009923   第一借阅区/ [索取号:B849.1/2120] 在馆    
6 1100993   211009932   第一借阅区/ [索取号:B849.1/2120] 在馆    
唐山师范学院图书馆 欢迎您!
大连网信软件有限公司© 版权所有